000 01114nam a2200337Ia 4500
001 dia_44
003 CHAP
005 20221206134450.0
008 220117s1993 xx 000 0 und d
010 _a170477
020 _a968-26-1232-2
040 _cCHAP
082 _a519.2 H56 1993
100 _aHines, William W.
_9147053
245 _aProbabilidad y estadística para ingeniería /
_c William W. Hines y Douglas Montgomery ; traducción Gabriel Nagore
250 _a2a ed.
260 _aMéxico :
_b CECSA,
_c1993
300 _axix, 834 p.
500 _aTítulo original: Probability and statistics in engineering and management science
503 _aI. 207343
504 _aBibliografía: p. 813-815
590 _aTA340 H56 1993
650 _aIngeniería
_x Métodos estadísticos
_9147054
650 _aProbabilidad y estadística
_9147055
700 _aMontgomery, Douglas C., coaut.
_9147056
700 _aNagore, Gabriel, tr.
_9147057
901 _a519.2 H56 1993
902 _aM
905 _a5232271993 mx mn 8222223322spa16
942 _cLIBRO
_2ddc
999 _c170477
_d170477